Thị tứ làng xã

Guardado en:
Detalles Bibliográficos
Autor principal: Đặng Đức Quang
Formato: Libro
Lenguaje:Vietnamese
Publicado: Xây dựng 2000
Materias:
Etiquetas: Agregar Etiqueta
Sin Etiquetas, Sea el primero en etiquetar este registro!
Thư viện lưu trữ: Mạng thư viện Đại học Đà Nẵng
LEADER 00953nam a2200313 a 4500
001 000003510
003 03907
005 20171229145311.0
008 171229s2000 vie
040 |a LSK 
041 0 |a VIE 
082 0 |a 711.43  |b ĐĂ-Q 
100 1 |a Đặng Đức Quang 
245 0 0 |a Thị tứ làng xã 
260 |b Xây dựng  |c 2000 
300 |a 226 pages  |c 27 cm. 
653 |a Kiến trúc 
852 |a Phòng Đọc - Phòng Mượn 
901 |a 4 
927 |a Sách tham khảo 
OWN |a LSK 
AVA |a UDN50  |b LSK  |d 711.43 ĐĂ-Q  |e available  |t Error 5001 Not defined in file expand_doc_bib_avail.  |f 4  |g 0  |h N  |i 0  |k 1 
999 |a From the UDN01 
AVA |a UDN50  |b LSK  |d 711.43 ĐĂ-Q  |e available  |t Error 5001 Not defined in file expand_doc_bib_avail.  |f 4  |g 0  |h N  |i 0  |k 1 
TYP |a Monograph 
TYP |a Printed language 
980 |a Mạng thư viện Đại học Đà Nẵng